LEADER 01150nam a2200265 u 4500 001 000000113208 003 CaOOAMICUS 005 20080929112535.0 008 080929s2008 it u000 u ita r 020 $z978-88-514-0580-9 (Ancora)* 020 $z978-88-10-22135-8 (EDB)* 040 $aPUL$bita$dLDB 100 1 $aFausti, Silvano,$cS.I.$0(OLS)http://pul/name/16851 245 10$aPer una lettura laica della Bibbia /$cSilvano Fausti. 260 $aBologna :$bEDB ;$aMilano :$bĀncora,$c2008. 300 $a159 p. ;$c21 cm. 630 04$aBiblia$xIndirizzi, saggi, letture.$0(OLS)http://pul/subject/5014 850 $aPUL 852 $aPUL$W1$xSL Religione 3$y85$m220. 6 FAUSI 1$j129359$qDDC 21$B128444$CPULBib$Z2$F128444 $H108251 $82 941 1 $a9 996 $6020$z978-88-514-0580-9 (Ancora)*$9(OLS)http://pul/number/138658 996 $6020$z978-88-10-22135-8 (EDB)*$9(OLS)http://pul/number/138659 996 $6245$aPer una lettura laica della Bibbia$9(OLS)http://pul/title/142255 996 $6260$aBologna :$bEDB$9(OLS)http://pul/publisher/56073 996 $6260$aMilano :$bĀncora$9(OLS)http://pul/publisher/53070 LEADER 01431nam a2200289 a 4500 001 000000176584 003 CaOOAMICUS 005 20240205160911.0 008 240205s2021 it d m u000 u ita r 032 $aLibriCat 040 $aPUL$bita$d 100 1 $aRe, Tania Simona ,$d1977-$0(OLS)http://pul/name/113511 245 10$aIndagine su dipendenze da internet e smartphone in bambini della scuola primaria, preadolescenti e adolescenti / $cTania Simona Re. 260 $aRoma :$b[s.n.],$c2021. 300 $a47 p.:$bgraf.;$c24 cm 500 $aIn testa al front: Universitā Pontificia Salesiana. Facoltā di Scienze dell'Educazione. 502 $aEstratto dell Tesi di Dottorato--Universitā Pontificia Salesiana, 2021. 504 $aBibliografia: p. 33-45. 650 4$aInternet (Psicologia).$0(OLS)http://pul/subject/34296 650 4$aInternet$xAspetti sociali.$0(OLS)http://pul/subject/46010 710 2 $aPontificia Universitā Salesiana.$bFacoltā di scienze dell'educazione.$kTesi.$0(OLS)http://pul/name/81614 850 $aPUL 852 $aPUL$W1$xDP1 Tesi Pon. Univ. Salesiana$y46$m2021 E 6$j198916$qTesi$B205533$CPULBib$Z2$F205533 $82 941 1 $a16 996 $6245$aIndagine su dipendenze da internet e smartphone in bambini della scuola primaria, preadolescenti e adolescenti / $9(OLS)http://pul/title/218076 996 $6260$aRoma :$b[s.n.]$9(OLS)http://pul/publisher/47958